00829 2200289 4500001002100000005001500021035002500036008004100061020002200102040001700124082001200141084001400153100001800167245008700185250002600272260003600298300003800334500003000372650002800402700001300430850001200443007000300455090001800458090002100476999002100497990002100518INLIS00000000001266320200302014038 a0010-091500000001176150914s2015 yoia br ind d a978-602-7968-67-7 aYOPDYOGbind04223a920 a920 NIS k0 aNisa Yustisia aKisah hebat 99 muslimah yang disayang Allah /cNisa Yustisia; penyunting, Saifudin aCetakan pertama, 201531aYogyakarta :bSaufa Kids,c2015 a146 halaman :bilustrasi ;c27 cm aBibliografi : halaman 145 4aTokoh Islam--xMuslimah0 aSaifudin aYOPDYOGta aDEP 920 NIS k aCB-D.11 2015-267 aCB-D.11/2015-267 aCB-D.11/2015-267